000 00257nam a22001097a 4500
082 _a425
_bWRE/N
100 _aWREN
245 _aNEW EDITION ENG-GRAMMAR
246 _aNEW EDITION ENG-GRAMMAR
_bNEW EDITION ENG-GRAMMAR
650 _aENGLISH GRAMMAR
942 _cBK
999 _c8860
_d8860